Statistiques concernant 100 Marques Automobile

Cliquez ici pour prendre le quiz!

Statistiques générales

  • Ce quiz a été pris 6 517 fois
  • Le résultat moyen est 40 sur 100

Statistiques - réponses

CréationNationalitéMarque% Correct
1898FranceRenault
95%
1896FrancePeugeot
94%
1947ItalieFerrari
93%
1926AllemagneMercedes-Benz
92%
1916AllemagneBMW
90%
1919FranceCitroën
89%
1909AllemagneAudi
87%
1903Etats-UnisFord
87%
1963ItalieLamborghini
85%
1899ItalieFiat
84%
1937JaponToyota
84%
1937AllemagneVolkswagen
79%
1948AllemagnePorsche
78%
1948JaponHonda
73%
1909FranceBugatti
72%
1934JaponNissan
71%
1911Etats-UnisChevrolet
70%
1967Corée du SudHyundai
69%
1895République TchèqueSkoda
69%
1950EspagneSeat
68%
1899AllemagneOpel
67%
1969RoumanieDacia
66%
1927SuèdeVolvo
64%
1913Royaume-UniAston Martin
63%
2003Etats-UnisTesla
63%
1919Royaume-UniBentley
62%
1969AllemagneMini
61%
1904Royaume-UniRolls-Royce
61%
1910ItalieAlfa Romeo
60%
1935Royaume-UniJaguar
59%
1974Corée du SudKia
59%
1917JaponMitsubishi
57%
1954JaponSuzuki
57%
1956-2013FranceAlpine
56%
1914ItalieMaserati
56%
1914Etats-UnisDodge
54%
1948Royaume-UniLand Rover
54%
1963Royaume-UniMcLaren
51%
1920JaponMazda
50%
1937Etats-UnisJeep
49%
1953JaponSubaru
48%
1902Etats-UnisCadillac
47%
1966RussieLada
44%
1987JaponLexus
44%
2015FranceDS
43%
1925Etats-UnisChrysler
42%
1906ItalieLancia
42%
1947Royaume-UniLotus
42%
1994AllemagneSmart
37%
1992ItaliePagani
35%
1947SuèdeSaab
35%
1924Royaume-UniMG
32%
1902-2005Royaume-UniRover
32%
1949ItalieAbarth
31%
1908Etats-UnisGMC
31%
1994SuèdeKoenigsegg
31%
1945IndeTata Motors
28%
1925-2010Etats-UnisPontiac
26%
1989JaponInfiniti
25%
1991-2010Etats-UnisHummer
24%
1967AllemagneAMG
20%
1906-1989Royaume-UniAustin
20%
1903Etats-UnisBuick
20%
1917Etats-UnisLincoln
20%
1962Etats-UnisShelby
20%
1986JaponAcura
19%
1977AllemagneBrabus
19%
2009Etats-UnisRam Trucks
19%
1935-1980FranceSimca
19%
1954Corée du SudSsangYong
19%
1903Royaume-UniVauxhall
19%
1945JaponIsuzu
18%
1902-1988FranceTalbot
18%
1923-1984Royaume-UniTriumph
17%
1907JaponDaihatsu
16%
1896-2002Royaume-UniDaimler
16%
1932-2013JaponDatsun
16%
1984MonacoVenturi
15%
1994Corée du SudSamsung
14%
1959Royaume-UniCaterham
12%
1981-1983Etats-UnisDeLorean
12%
1928-2002Etats-UnisPlymouth
12%
1939AustralieHolden
10%
1978Pays-BasDonkervoort
9%
2007Etats-UnisFisker
9%
1991FrancePGO
9%
1981-2010Etats-UnisSaturn
8%
1999Royaume-UniNoble
7%
1946-1995EspagnePegaso
7%
1983Etats-UnisSaleen
7%
2000Pays-BasSpyker
7%
1899-1978Royaume-UniSunbeam
7%
1933RussieZIL
7%
1900-1940AllemagneAdler
6%
1951PologneFSO
6%
1939-1976ItalieISO
6%
2009TaïwanLuxgen
5%
1989Etats-UnisPanoz
5%
1966IranSaipa
5%
1955-1969Royaume-UniElva
4%

Distribution des résultats

Percentile par nombre de réponses

% des personnes avec chaque résultat

Votre développement - résultats

Vous n’avez pas pris ce quiz